000 00496nam a2200169 i 4500
001 bg
100 1 _aCIESIELCZYK, Włodzimierz
_d(1949- ).
245 1 0 _aPrzykłady i zadania z inżynierii chemicznej i procesowej.
_nCz. 2 /
_cW. Ciesielczyk, K. Kupiec, A. Wiechowski.
260 _aKraków,
_c1989.
700 1 _aKUPIEC, Krzysztof
700 1 _aWIECHOWSKI, Andrzej
040 _cBPK
041 _apol
080 _a66.01/.09(075.8)
942 _cKS
008 s pl f |000 0 pol
999 _c4254
_d4254
856 _uhttp://koha.tu.koszalin.pl/cgi-bin/koha/opac-detail.pl?biblionumber=4254
_yKatalog online BPK